| 000 | 00520nam a2200253Ia 4500 | ||
|---|---|---|---|
| 001 | 065690 | ||
| 003 | YMCAF | ||
| 005 | 20230512160323.0 | ||
| 008 | 100717s1975 ||||||||||||||||| ||und|d | ||
| 020 | _a- | ||
| 024 | _a65690 | ||
| 035 | _a5153 | ||
| 040 |
_aYMCAF _beng _cIN-KoLT |
||
| 041 | _aeng | ||
| 082 |
_a621.319 _b2 BEN |
||
| 100 | _aBenson, F A | ||
| 245 | 0 | _aElectric Circuit Theory 1975 | |
| 250 | _a- | ||
| 260 |
_bEdward _c1975 |
||
| 300 | _a462 | ||
| 653 | _a- | ||
| 653 | _a- | ||
| 942 |
_2ddc _cBK |
||
| 999 |
_c3776 _d3776 |
||